La escritura creativa en las aulas: en torno a los talleres literarios
Guardat en:
| Autor principal: | |
|---|---|
| Format: | Llibre |
| Idioma: | espanyol |
| Publicat: |
Barcelona
Graó
2002
|
| Col·lecció: | Biblioteca de Textos, 173. Serie Didáctica de la Lengua y de la Literatura
|
| Matèries: | |
| Etiquetes: |
Afegir etiqueta
Sense etiquetes, Sigues el primer a etiquetar aquest registre!
|
MARC
| LEADER | 00000cam a2200000 a 4500 | ||
|---|---|---|---|
| 001 | UCL0419 | ||
| 003 | CL-VaPUC | ||
| 008 | 030711e20020000SP |||||||||||||||||spa|d | ||
| 020 | |a 8478272798 | ||
| 082 | 0 | 4 | |a 808.00712 |b DEL |2 21 |
| 100 | 0 | |a Delmiro Coto, Benigno |e author |9 477095 | |
| 245 | 1 | 3 | |a La escritura creativa en las aulas: en torno a los talleres literarios |
| 300 | |a 166 p | ||
| 942 | |c BK | ||
| 945 | |d 20030711 00:00:00 |a cmena | ||
| 260 | |a Barcelona |b Graó |c 2002 | ||
| 650 | 0 | |a Retórica |9 266620 | |
| 650 | 0 | |a Educación lingüística |9 306506 | |
| 650 | 0 | |a Métodos de enseñanza |9 270413 | |
| 583 | |a last modification |c 20121105 11:48:16 |k Rodrigo Vera | ||
| 490 | 0 | |a Biblioteca de Textos, 173. Serie Didáctica de la Lengua y de la Literatura | |
| 999 | |c 304291 |d 304289 | ||
| 952 | |0 0 |1 0 |4 0 |6 808_007120000000000_DEL_2002 |7 0 |8 A |9 366274 |a BIBEDU |b BIBEDU |d 2019-11-21 |i 3887294 |l 2 |o 808.00712 DEL 2002 |p 3887294 |r 2023-12-01 |s 2023-11-23 |w 2019-11-21 |y BK |k LIT | ||
| 952 | |0 0 |1 0 |4 0 |6 808_007120000000000_DEL_2002 |7 0 |8 A |9 366275 |a FDOPOS |b FDOPOS |d 2019-11-21 |i 4102592 |o 808.00712 DEL 2002 |p 4102592 |r 2025-01-22 |w 2019-11-21 |y BK |k MLA | ||
| 952 | |0 0 |1 0 |4 0 |6 808_007120000000000_DEL_2002 |7 0 |8 A |9 366276 |a BIBEDU |b BIBEDU |d 2019-11-21 |i 4921984 |l 4 |m 1 |o 808.00712 DEL 2002 |p 4921984 |r 2023-11-09 |s 2023-11-09 |w 2019-11-21 |y BK |k LIT | ||